000 01683nam a2200397 a 4500
001 ebr10455610
003 CaPaEBR
006 m u
007 cr cn|||||||||
008 090610s2008 enk sb 001 0 eng d
010 _z 2009455240
020 _z9781844650682 (hardcover)
020 _z9781844650699 (paperback)
020 _z9780773534070
020 _z0773534075
020 _z9780773534087
020 _z0773534083
020 _z9781844653805 (e-book)
040 _aCaPaEBR
_cCaPaEBR
035 _a(OCoLC)607732960
050 1 4 _aB2948
_b.S64 2008eb
082 0 4 _a193
_222
100 1 _aSpeight, Allen.
245 1 4 _aThe philosophy of Hegel
_h[electronic resource] /
_cAllen Speight.
260 _aStocksfield [U.k.] :
_bAcumen,
_cc2008.
300 _aviii, 166 p.
490 1 _aContinental European philosophy
504 _aIncludes bibliographical references and index.
505 0 _aIntroduction -- German idealism and the young Hegel -- The Phenomenology of spirit -- The Logic and Hegel's system -- Ethics and politics -- Hegel and the narrative task of history -- Art, aesthetics and literary theory -- Religion and philosophy -- Guide to further reading.
533 _aElectronic reproduction.
_bPalo Alto, Calif. :
_cebrary,
_d2013.
_nAvailable via World Wide Web.
_nAccess may be limited to ebrary affiliated libraries.
600 1 0 _aHegel, Georg Wilhelm Friedrich,
_d1770-1831.
655 7 _aElectronic books.
_2local
710 2 _aebrary, Inc.
830 0 _aContinental European philosophy.
856 4 0 _uhttp://site.ebrary.com/lib/rucke/Doc?id=10455610
_zAn electronic book accessible through the World Wide Web; click to view
999 _c123849
_d123849